[Event "Gatineau Premiers Flocons"]
[Site "Gatineau"]
[Date "2018.12.04"]
[Round "2"]
[White "Cayen, Jean Philippe"]
[Black "Berthiaume, Serge"]
[Result "0-1"]
[WhiteElo "1433"]
[BlackElo "1432"]
[PlyCount "50"]
[EventDate "2018.11.27"]
[EventType "swiss"]
[EventRounds "4"]
[EventCountry "CAN"]
[SourceTitle "EXT 2022"]
[Source "ChessBase"]
[SourceDate "2021.10.06"]
[SourceVersion "1"]
[SourceVersionDate "2021.10.06"]
[SourceQuality "1"]

1. g3 d5 2. e3 Bf5 3. Bg2 e6 4. b3 Nf6 5. Bb2 Nbd7 6. d3 c6 7. Nd2 Bd6 8. Qe2 Qa5 9. c3 Ba3 10. 0-0-0 Bxb2+ 11. Kxb2 Nc5 12. e4 dxe4 13. Bxe4 Nfxe4 14. dxe4 Qb6 15. b4 a5 16. a3 axb4 17. cxb4 0-0 18. Rc1 Na4+ 19. Kb3 c5 20. Rc4 e5 21. Ngf3 f6 22. Qe3 Qe6 23. bxc5 b5 24. Rhc1 bxc4+ 25. Rxc4 Rfb8+ 0-1

[Event "Outaouais-ch Reserve"]
[Site "Gatineau"]
[Date "2017.05.30"]
[Round "7"]
[White "Rioux, Jocelyn"]
[Black "Cayen, Jean Philippe"]
[Result "1/2-1/2"]
[WhiteElo "1513"]
[BlackElo "1303"]
[PlyCount "107"]
[EventDate "2017.04.18"]
[EventType "swiss"]
[EventRounds "7"]
[EventCountry "CAN"]
[SourceTitle "EXT 2022"]
[Source "ChessBase"]
[SourceDate "2021.10.06"]
[SourceVersion "1"]
[SourceVersionDate "2021.10.06"]
[SourceQuality "1"]

1. e4 g6 2. d4 e6 3. Nc3 Bg7 4. f4 d6 5. Nf3 Nc6 6. Bb5 Bd7 7. Be3 a6 8. Be2 Qe7 9. Qd2 Nf6 10. 0-0-0 0-0-0 11. d5 exd5 12. exd5 Nb8 13. Bd4 Rhg8 14. Rhe1 Qf8 15. Ng5 h6 16. Nge4 Nxe4 17. Nxe4 Re8 18. Nf6 Bxf6 19. Bxf6 h5 20. h3 Qh6 21. Bg5 Qg7 22. Bd3 Qd4 23. Rxe8+ Rxe8 24. Re1 Qxd5 25. Rxe8+ Bxe8 26. Qe2 Qe6 27. Qxe6+ fxe6 28. g4 hxg4 29. hxg4 Kd7 30. b4 Bf7 31. a4 c6 32. Kd2 Ke8 33. f5 gxf5 34. gxf5 e5 35. b5 axb5 36. axb5 c5 37. b6 Bd5 38. f6 Kf7 39. c4 Be6 40. Kc3 Nd7 41. Be4 Nxb6 42. Bxb7 Bxc4 43. Bf3 Be6 44. Bh5+ Kg8 45. Kd3 d5 46. Bd2 Bf7 47. Bg4 Bg6+ 48. Ke2 Kf7 49. Ba5 Nc4 50. Bd8 e4 51. Be7 Ne5 52. Bc8 Nd3 53. Bb7 d4 54. Bd5+ 1/2-1/2

[Event "Gatineau Aylmer CC Hiver"]
[Site "Gatineau"]
[Date "2016.02.05"]
[Round "5"]
[White "Lamoureux, Gilbert"]
[Black "Cayen, Jean Philippe"]
[Result "1-0"]
[WhiteElo "1243"]
[BlackElo "1304"]
[PlyCount "107"]
[EventDate "2016.01.08"]
[EventType "swiss"]
[EventRounds "6"]
[EventCountry "CAN"]
[SourceTitle "EXT 2022"]
[Source "ChessBase"]
[SourceDate "2021.10.06"]
[SourceVersion "1"]
[SourceVersionDate "2021.10.06"]
[SourceQuality "1"]

1. e4 g6 2. d4 e6 3. Nf3 Bg7 4. Nc3 b6 5. Be2 Bb7 6. 0-0 d6 7. Be3 Ne7 8. Re1 Nd7 9. Qd2 0-0 10. Rad1 Nf6 11. e5 Nfd5 12. Nxd5 Bxd5 13. c4 Bb7 14. Qc3 Qc8 15. Bf4 Rd8 16. Rd2 a6 17. Red1 Rd7 18. b3 Qe8 19. Ng5 Nf5 20. Bf3 Bxf3 21. Nxf3 Rad8 22. b4 f6 23. exf6 Bxf6 24. Bg5 Qe7 25. Bxf6 Qxf6 26. a4 c5 27. Rd3 d5 28. Ne5 cxd4 29. Nxd7 Rxd7 30. Qb3 h5 31. cxd5 Rxd5 32. Qc4 b5 33. Qc8+ Kg7 34. Qxa6 bxa4 35. Qxa4 e5 36. Qb3 Rb5 37. Qa4 Qb6 38. Rb3 e4 39. Ra1 Kh6 40. Qa6 Qb8 41. Qc6 Qe5 42. Qc1+ Kh7 43. Ra7+ Ng7 44. Qc7 Qf6 45. Ra1 d3 46. Rd1 Qe6 47. Rbb1 Qa2 48. Qf4 Qe6 49. Re1 Re5 50. b5 Ne8 51. b6 Nd6 52. b7 Nxb7 53. Rxb7+ Kh8 54. Qh6+ 1-0